MARC

LEADER 00000nam0a2200000 4500
001 360086
005 20250211063213.0
035 |a (RuTPU)RU\TPU\retro\17394 
035 |a RU\TPU\retro\17392 
090 |a 360086 
100 |a 20210309d1971 k y0rusy5003 ca 
101 0 |a rus 
102 |a RU 
105 |a y z 001zy 
200 1 |a Светотехника  |e [тематический сборник]  |f Московский энергетический институт ; под ред. Н. А. Карякина 
210 |a Москва  |c Изд-во МЭИ  |d 1971 
215 |a 162 с.  |c табл., ил. 
225 1 |a Труды Московского энергетического института (МЭИ)  |v Вып. 92 
320 |a Библиогр. в конце ст. 
500 1 0 |a Труды Московского энергетического института  |9 88841 
606 1 |a Светотехника  |2 stltpush  |3 (RuTPU)RU\TPU\subj\54172  |9 72331 
610 1 |a световые векторы 
610 1 |a проекции 
610 1 |a направленно-рассеивающийся свет 
610 1 |a яркость 
610 1 |a определение 
610 1 |a отражение 
610 1 |a световые приборы 
610 1 |a расчеты 
610 1 |a оптические системы 
610 1 |a проектирование 
610 1 |a облученность 
610 1 |a лучистый поток 
610 1 |a коэффициенты 
610 1 |a зеркальные светильники 
610 1 |a лампы накаливания 
610 1 |a осветительные установки 
610 1 |a конструирование 
610 1 |a стартеры 
610 1 |a тепловой режим 
610 1 |a электрический режим 
610 1 |a электроды 
675 |a 628.9  |v 3 
702 1 |a Карякин  |b Н. А.  |4 340 
712 0 2 |a Московский энергетический институт  |c (1930-1992)  |3 (RuTPU)RU\TPU\col\20092  |9 27693 
801 0 |a RU  |b 63413507  |c 19950704  |g psbo 
801 1 |a RU  |b 63413507  |c 20060118  |g PSBO 
801 2 |a RU  |b 63413507  |c 20220208  |g PSBO 
942 |c BK